Normal view
MARC view
- Korea Customs Service
Entry Corporate Name
001 - CONTROL NUMBER
- control field: 4916
003 - CONTROL NUMBER IDENTIFIER
- control field: OSt
005 - DATE AND TIME OF LATEST TRANSACTION
- control field: 20170516111818.0
008 - FIXED-LENGTH DATA ELEMENTS
- fixed length control field: 170516|| aca||aabn | a|a d
040 ## - CATALOGING SOURCE
- Original cataloging agency: OSt
- Transcribing agency: OSt
110 ## - HEADING--CORPORATE NAME
- Corporate name or jurisdiction name as entry element: Korea Customs Service
670 ## - SOURCE DATA FOUND
- Source citation: Work cat.: (OSt): Combat Against Drug Smuggling In Korea., 2001.

PORTAL AKMAL
E-MEL JKDM
AKMAL2U
G-BAM
u-PUSTAKA